| 000 | 01354nam a2200337 c 4500 | ||
|---|---|---|---|
| 003 | BLK | ||
| 005 | 20220323143133.0 | ||
| 008 | 180411b bul|||||r ||||||| ||bul|| | ||
| 010 | _aKNG00175239000 | ||
| 020 |
_a978-954-07-3670-9 _bиздат.: Унив. изд. Св. Климент Охридски |
||
| 040 | _aBLK | ||
| 041 |
_aBUL _cBUL |
||
| 072 | 7 |
_2bullib _aН8400 _xБългарска поезия Н |
|
| 080 |
_aБългарска литература _b821.163.2 _x-1(082.2) _z821.163.2-1(082.2) |
||
| 700 | 1 |
_aАтасой, Ахмед Емин _eсъстав. _9382383 |
|
| 139 |
_aАнтология на българската поезия _bА 75 |
||
| 245 | 1 | 0 |
_aАнтология на българската поезия _bОт 60-те години на ХІХ век до днес _cсъстав. Ахмед Емин Атасой. |
| 257 | _aBGR | ||
| 260 |
_аСофия _bУнив. изд. Св. Климент Охридски _c2014 |
||
| 300 |
_a663 с. _bс портр., ил. _c22 см |
||
| 380 | _a9 | ||
| 500 | _aБиблиогр.: с. 635-636 | ||
| 653 | _aпоезия | ||
| 653 | _aантологии | ||
| 659 | _aН | ||
| 852 | _aЦб 274254 | ||
| 856 | 4 |
_qpdf _u |
|
| 856 | 4 |
_qpdf _u |
|
| 942 |
_cKNG _n0 _03 |
||
| 944 |
_aCR _c14.05.2015 _kВиолета_Тройчева |
||
| 944 |
_aED _c05.10.2015 _kНаталия_Медовщикова |
||
| 999 |
_c167432 _d167432 |
||